| 000 | 00436nam a22001697a 4500 | ||
|---|---|---|---|
| 999 |
_c20729 _d20729 |
||
| 003 | BDDh-ASL | ||
| 005 | 20231015025928.0 | ||
| 008 | 210113n e ||||| |||| 00| 0 eng d | ||
| 040 | _cBDDh-ASL | ||
| 082 |
_a297.12 _bQUK |
||
| 100 | 1 |
_92738 _aSale, George |
|
| 245 | 1 | 4 | _aThe Koran: Or Alcoran of Mohammed / |
| 260 |
_aLondon: _bRederick Warne and Co., |
||
| 300 |
_a516 p.: _c21 cm. |
||
| 650 | 0 |
_91652 _aIslam |
|
| 942 |
_2ddc _cBK |
||